LEADER 00798nam0-22002771i-450- 001 990005114110403321 005 19990530 035 $a000511411 035 $aFED01000511411 035 $a(Aleph)000511411FED01 035 $a000511411 100 $a19990530g19489999km-y0itay50------ba 101 0 $aita 105 $ay-------001yy 200 1 $aTraumnovelle$aFlucht in die Finsternis$eZwei Novellen$fArthur Schnitzler 210 $aAmsterdam$cBermann-Fischer$d1948. 215 $a226 p.$d18 cm 700 1$aSchnitzler,$bArthur$f<1862-1931>$0320902 801 0$aIT$bUNINA$gRICA$2UNIMARC 901 $aBK 912 $a990005114110403321 952 $aTX-SC-40$bFil.Mod. 1367$fFLFBC 959 $aFLFBC 996 $aTraumnovelle$949494 996 $aFlucht in die Finsternis$951143 997 $aUNINA LEADER 03427nam 22007335 450 001 9910299286003321 005 20251113202640.0 010 $a3-319-92007-3 024 7 $a10.1007/978-3-319-92007-8 035 $a(CKB)4100000004243995 035 $a(DE-He213)978-3-319-92007-8 035 $a(MiAaPQ)EBC6221515 035 $a(PPN)227402480 035 $a(EXLCZ)994100000004243995 100 $a20180521d2018 u| 0 101 0 $aeng 135 $aurnn#008mamaa 181 $ctxt$2rdacontent 182 $cc$2rdamedia 183 $acr$2rdacarrier 200 10$aArtificial Intelligence Applications and Innovations $e14th IFIP WG 12.5 International Conference, AIAI 2018, Rhodes, Greece, May 25?27, 2018, Proceedings /$fedited by Lazaros Iliadis, Ilias Maglogiannis, Vassilis Plagianakos 205 $a1st ed. 2018. 210 1$aCham :$cSpringer International Publishing :$cImprint: Springer,$d2018. 215 $a1 online resource (XXIV, 649 p. 178 illus.) 225 1 $aIFIP Advances in Information and Communication Technology,$x1868-422X ;$v519 311 08$a3-319-92006-5 320 $aIncludes bibliographical references and index. 330 $aThis book constitutes the refereed proceedings of the 14th IFIP WG 12.5 International Conference on Artificial Intelligence Applications and Innovations, AIAI 2018, held in Rhodes, Greece, in May 2018. The 42 full papers and 12 short papers were carefully reviewed and selected from 88 submissions. They are organized in the following topical sections: social media, games, ontologies; deep learning; support vector machines; constraints; machine learning, regression, classification; neural networks; medical intelligence; recommender systems; optimization; learning, intelligence; heuristic approaches, cloud; fuzzy; and human and computer interaction, sound, video, processing. 410 0$aIFIP Advances in Information and Communication Technology,$x1868-422X ;$v519 606 $aArtificial intelligence 606 $aApplication software 606 $aComputer networks 606 $aComputer vision 606 $aAlgorithms 606 $aNatural language processing (Computer science) 606 $aArtificial Intelligence 606 $aComputer and Information Systems Applications 606 $aComputer Communication Networks 606 $aComputer Vision 606 $aAlgorithms 606 $aNatural Language Processing (NLP) 615 0$aArtificial intelligence. 615 0$aApplication software. 615 0$aComputer networks. 615 0$aComputer vision. 615 0$aAlgorithms. 615 0$aNatural language processing (Computer science) 615 14$aArtificial Intelligence. 615 24$aComputer and Information Systems Applications. 615 24$aComputer Communication Networks. 615 24$aComputer Vision. 615 24$aAlgorithms. 615 24$aNatural Language Processing (NLP). 676 $a006.3 702 $aIliadis$b Lazaros$4edt$4http://id.loc.gov/vocabulary/relators/edt 702 $aMaglogiannis$b Ilias$4edt$4http://id.loc.gov/vocabulary/relators/edt 702 $aPlagianakos$b Vassilis$4edt$4http://id.loc.gov/vocabulary/relators/edt 801 0$bMiAaPQ 801 1$bMiAaPQ 801 2$bMiAaPQ 906 $aBOOK 912 $a9910299286003321 996 $aArtificial Intelligence Applications and Innovations$91918852 997 $aUNINA